| 000 | 00000nam##2200000za#4500 |
| 001 | 9.625892 |
| 003 | CaOODSP |
| 005 | 20200421163423 |
| 007 | ta |
| 008 | 150406|2001||||xxc||||| f|0| 0 fre|d |
| 020 | |a0-662-86800-5 |
| 040 | |aCaOODSP|bfre |
| 043 | |an-cn--- |
| 086 | 1 |aNH18-23/93F |
| 110 | 2 |aSociété canadienne d'hypothèques et de logement. |
| 245 | 13|aLa résidualisation de ménages locataires : |battitudes des propriétaires-bailleurs privés envers les ménages à faibles ressources |
| 260 | |aOttawa - Ontario : |bSociété canadienne d'hypothèques et de logement |c2001. |
| 300 | |a4p. : |bgraphiques ; |c28 cm. |
| 490 | 1 |aLe point en recherche. Série socio-économique|v93 |
| 563 | |aDépliant |
| 590 | |a02-08|b2002-02-22 |
| 691 | 07|aMilieu urbain|2gcpds |
| 691 | 07|aLogement|2gcpds |
| 775 | 08|tResidualization of rental tenure : |w(CaOODSP)9.615912 |
| 776 | 0#|tLa résidualisation de ménages locataires : |w(CaOODSP)9.602201 |
| 830 | #0|aLe point en recherche. Série socio-économique ;|v93|w(CaOODSP)9.513180 |
| 986 | |a62754 |